| 000 | 00670nam a2200217 u 4500 | ||
|---|---|---|---|
| 005 | 20240228063631.0 | ||
| 008 | 090401s2006 es r 000 0 spa d | ||
| 020 | _a8466752072 | ||
| 035 | _aUPN01000170215 | ||
| 049 | _aI | ||
| 050 | 4 |
_aPZ75 _bM8.6 |
|
| 100 | 1 |
_aMuñoz Puelles, Vicente, _d1948- _932146 |
|
| 245 | 1 | 3 |
_aLa perrona / _cVicente Muñoz Puelles ; il. Irene Fra. |
| 260 |
_aMadrid : _bAnaya, _c2006. |
||
| 300 |
_a84 p. : _bil. col. |
||
| 440 | 3 |
_aEl duende verde ; _v146 |
|
| 586 | _a1er. premio de literatura infantil " Libreros de Asturias" 2005 | ||
| 650 | 4 |
_aLiteratura infantil española _95892 |
|
| 650 | 2 |
_aExiliados _913689 |
|
| 905 | _aInfantil | ||
| 999 |
_c142321 _d142321 |
||